000 00709nam a2200241 i 4500
001 bg
100 1 _aWŁODARCZYK, Edward
245 1 0 _aWstęp do mechaniki wybuchu /
_cEdward Włodarczyk.
260 _aWarszawa :
_bWydaw. Naukowe PWN,
_c1994.
300 _a319, [1] s. :
_bfot., rys., wykr. ;
_c24 cm.
504 _aBibliogr. przy rozdz. - Indeks.
650 9 _aMatematyka
_xstosowanie
_xfizyka
650 9 _aMateriały wybuchowe
_xfizyka
650 9 _aWybuch
_xzagadnienia
655 _aPodręczniki akademickie
020 _a8301115947
040 _cBPK
041 0 _apl
080 _a662.1/.4:53:51](075.8)
920 _a83-01-11594-7
942 _cKS
008 s pl f |000 0 pol
999 _c6807
_d6807
856 _uhttp://koha.tu.koszalin.pl/cgi-bin/koha/opac-detail.pl?biblionumber=6807
_yKatalog online BPK